| 000 | 00925nas a2200241 4500 | ||
|---|---|---|---|
| 001 | BR9206017 | ||
| 003 | BR-BrBNA | ||
| 005 | 20231205092901.0 | ||
| 007 | ta | ||
| 008 | 230509b bl.|||p| |||| 00| 00por d | ||
| 040 |
_aBR-BrBNA _bpor _cBiblioteca Nacional de Agricultura |
||
| 041 | _a(Pt) | ||
| 072 | _aM11 | ||
| 100 | 1 | _aKotas, J.E. | |
| 245 | 1 | _aAnalise dos desembarques da pesca industrial de arrasteiros de parelha sediados nos municipios de Itajai e Navegantes (Santa Catarina)durante o ano de 1986 | |
| 246 | 1 | _aAnalysis of fish landings by the industrial fishing of pair trawlers based in Itajai and Navegantes (Santa Catarina, Brazil), during 1986 | |
| 650 | _aPESCA INDUSTRIAL | ||
| 650 | _aADMINISTRACAO PESQUEIRA | ||
| 650 | _aSANTA CATARINA | ||
| 773 | 0 |
_tAtlantica (Brazil) _xISSN 0102-1656 _g(1991), v. 13(1) p. 97-105 _wBR9206017 |
|
| 909 |
_a202311 _bLúcia _c55 _dLúcia Elande |
||
| 942 |
_2AGRIS _n0 _cANA |
||
| 999 |
_c134875 _d134875 |
||